[Event "EU-ch 6th"]
[Site "Warsaw"]
[Date "2005.06.21"]
[Round "4"]
[White "Neverov, Valeriy"]
[Black "Najer, Evgeniy"]
[Result "1/2-1/2"]
[WhiteElo "2566"]
[BlackElo "2615"]
[Annotator "Marin,M"]
[PlyCount "109"]
[EventDate "2005.06.18"]
[EventType "swiss"]
[EventRounds "13"]
[EventCountry "POL"]
[SourceTitle "CBM 108"]
[Source "ChessBase"]
[SourceDate "2005.09.26"]
[SourceVersion "1"]
[SourceVersionDate "2005.09.26"]
[SourceQuality "1"]

1. Nf3 d5 2. c4 d4 3. g3 Nc6 4. Bg2 e5 5. O-O Nf6 6. d3 Nd7 {This is a
flexible method of preventing the tactical blow b4. However, the knight
retreat has the obvious drawback of interfering the d-file, which enables
White open the position with} 7. e3 Be7 8. exd4 exd4 {thus reaching a position
where he has chances of developing an initiative.} 9. Nbd2 ({Sometimes, White
plays} 9. Re1 {first and only after} O-O {he develops the knight with} 10. Nbd2
a5 (10... Nc5 11. Ne4 {In principle, the idea of exchanging (or drive away)
the c5-knight is correct, but concretely, this move allows Black win time for
his development.} (11. Nb3 $5 {is probably better when} Ne6 {transposes to the
main game.}) 11... Nxe4 12. Rxe4 Bf5 13. Re1 Bf6 14. a3 a5 15. Rb1 Rb8 16. Qc2
{/\b4} (16. b4 axb4 17. axb4 b5) 16... Qd7 17. Bg5 $5 Bxg5 18. Nxg5 Rfe8 19.
Nf3 (19. Ne4 Ne5 $5 {[%csl Yf3][%cal Rf5h3] /\->}) 19... h6 20. Qd2 a4 21. b4
axb3 22. Rxb3 Rxe1+ {1/2-1/2 Pritchett,C (2360)-Petrosian,A (2490)/Germany
1993/GER-chT2}) 11. a3 (11. Nb3 Bf6 (11... Nc5 12. Nxc5 (12. Nbxd4 Nxd4 13.
Nxd4 Bf6 14. Nb5 c6 15. d4 Ne6 $11) 12... Bxc5 {and now} 13. Bg5 $5 {induces
some discomfort in Black's position, such as the weakness of the e6-square in
case of 13...f6 or problems with the development in case of 13...Qd7.}) 12. Bd2
a4 13. Nc1 Nde5 (13... Nc5 14. a3 {/\Bb4}) 14. Nxe5 Nxe5 15. Bf4 Re8 {/\Bg4})
11... a4 (11... Nc5 12. Nb3 Ne6 13. Bd2) 12. b4 axb3 13. Nxb3 Nb6 $6 (13... Nc5
$1) 14. Ne5 Nxe5 15. Rxe5 Bf6 16. Ra5 $1 Rb8 (16... Rxa5 17. Nxa5 c6 18. Rb1)
17. a4 $36 Re8 18. Ra7 Nd7 19. Rb1 Ne5 20. Bf4 Bg4 21. f3 Nc6 $2 (21... Bf5 $1)
22. Rxb7 Rxb7 23. fxg4 $16 {1-0 Spiridonov,N (2490)-Westerinen,H (2485)/
Budapest 1976/MCL (33)}) ({A completely different plan is initiated by} 9. Na3
{planning to prepare b4 with Nc2, etc.}) 9... Nc5 (9... O-O 10. Re1 {would
actually transpose to 9.Re1}) 10. Nb3 Ne6 {Having some space advantage, Black
is not interested in exchanges.} ({Besides, in case of} 10... O-O 11. Nxc5 Bxc5
{he would lose control over the g5-square, allowing White to get a perfect
regrouping without loss of time:} 12. Ng5 Bf5 13. Ne4 Be7 14. f4 Qd7 15. Nf2
Qd8 16. Bd2 a5 17. a3 Bd7 18. Qc2 Bc5 19. Ne4 b6 20. f5 f6 21. g4 Ne5 22. h3
Bc6 23. Bf4 Re8 24. Rae1 $16 {1-0 Stanec,N (2477)-Kummer,H (2321)/Vienna 1999/
CBM 073 ext (41)}) (10... Nxb3 11. Qxb3 O-O {is also not entirely satisfactory,
since after, say,} 12. Bf4 {Black would have some problems completing his
development, because of the pressure against the b7-pawn.}) 11. Re1 O-O 12. Bd2
a5 13. Ne5 {This operation is typical for the Benoni, but in this concrete
case it seems to fail offering White an advantage.} (13. a3 $5 {[%cal Yb3c1,
Yc1a2,Yb2b4,Ya1b1]} a4 14. Nc1 {[%cal Yc1a2,Ya2b4,Yb4d5]} Nc5 15. Bb4 {[%cal
Yb2b3,Yf3e5]}) 13... Nxe5 14. Rxe5 a4 15. Ra5 Bd7 (15... Rxa5 16. Nxa5 Qd7 17.
b4 $36 (17. Nxb7 $2 Bxb7 18. Bxb7 c6 $19)) 16. Rxa8 Qxa8 17. Nc1 Bc6 {At the
cost of slightly spoiling his structure, Black neutralizes the pressure along
the h1-a8 diagonal. His advantage of space and the control of the b-file will
compensate for the minor structural deffects.} 18. Bxc6 bxc6 19. Ne2 Bd6 20.
Qc2 h5 21. Re1 Rb8 22. f4 Qb7 23. Bc1 Qb4 24. Rf1 f5 25. Kg2 Kf8 26. h4 g6 $11
{In this blocked position, White has only a symbolic advantage. He has no
other constructive plan available than exchange pieces and create a passed
pawn on the a-file, but this will prove insufficient for achieving anything
concrete.} 27. Kf2 Be7 28. Re1 Bf6 29. Ng1 Nc5 30. Nf3 Re8 31. Rxe8+ Kxe8 32.
Ke2 Kd7 33. Bd2 Qb8 34. Kd1 Qe8 35. Ne1 Qb8 36. Nf3 Qe8 37. Ne1 Qb8 38. Ba5 Qb7
39. Kc1 Qa8 40. Bb4 Ne6 41. Qg2 Qb8 42. Bd2 Nc5 43. Qe2 Qe8 44. Qxe8+ Kxe8 45.
Kc2 Ne6 46. Nf3 Kd7 47. Bb4 c5 48. Bd2 Kc6 49. b3 axb3+ 50. Kxb3 Kb6 51. a4 Kb7
52. a5 Ka6 53. Ka4 c6 54. Bc1 Kb7 55. Bd2 1/2-1/2

[Event "FRA-chT Top 16 GpB"]
[Site "Port Barcares"]
[Date "2005.05.05"]
[Round "9"]
[White "Rausis, Igors"]
[Black "Vallejo Pons, Francisco"]
[Result "0-1"]
[WhiteElo "2506"]
[BlackElo "2677"]
[Annotator "Marin,M"]
[PlyCount "58"]
[EventDate "2005.05.04"]
[EventType "team"]
[EventRounds "11"]
[EventCountry "FRA"]
[SourceTitle "CBM 107"]
[Source "ChessBase"]
[SourceDate "2005.08.01"]
[SourceVersion "1"]
[SourceVersionDate "2005.08.01"]
[SourceQuality "1"]

1. Nf3 d5 2. c4 d4 3. e3 Nc6 4. exd4 Nxd4 5. Nxd4 Qxd4 6. Nc3 c6 7. d3 {
White is a whole tempo up if compared with a Benoni, but the fact that Black
hasn't developed the king's knight yet offers him additional resources.} Nh6 {
AIming to exert pressure over the critical d4- and e3-squares.} 8. Be2 $5 {
Recommended by Zviagintsev.} (8. Be3 {0-1 Zvjaginsev,V (2600)-Granda Zuniga,J 
(2605)/Pamplona 1996/CBM 052/[Horn,Pe] (49) only runs into Black's plan.}) 8...
Nf5 (8... g6 9. Be3 (9. h3 $1 Bg7 10. g4 f5 11. Be3 Qd6 12. Qd2 $36 {Horn, Pe})
9... Qd7 (9... Qd8 $5) 10. d4 Nf5 (10... Bg7 11. Qd2 Nf5 12. O-O-O O-O 13. g4
Nxe3 14. fxe3 b5 $132 {1-0 Grebenkin,V-Kupreichik,V (2505)/Omsk/Perm 1998/EXT
2000 (48)}) 11. Bg4 Bg7 12. O-O O-O 13. Qd2 Rd8 14. Rad1 Qc7 {[%cal Rf5d4]} 15.
Bxf5 Bxf5 $11 {1/2-1/2 Fridman,D (2526)-Short,N (2675)/Las Vegas 1999/CBM 072/
[Horn,Pe] (20)}) 9. g4 $6 {This pseudo-active move only creates White
additional weaknesses.} ({White should probably aim for normal play, hoping
that his slight advance in development would allow him neutralise the pressure
against the d4-square, for instance:} 9. O-O Qd8 10. Bg4 g6 (10... Nd4 11. Bxc8
Rxc8 12. Be3 e6 13. Qg4 $32) 11. Re1 Bg7 12. Bg5 h6 13. Bf4 Nd4 14. Bxc8 Rxc8
15. Ne2 O-O $6 16. Nxd4 Qxd4 17. Qd2 $14) 9... Nh4 10. Rg1 {Rausis blindly
followed the recomendation of Peter Horn, who considered this position to be
favourable for White.} Qd6 $1 {A strong move that seems to change the
evaluation. White has problems defending his numerous weaknesses.} (10... e5
11. Be3 $14 {Horn, Pe} Qd6 12. d4 $36) (10... h5 $6 11. gxh5 Bh3 12. Be3 Qd6 (
12... Qd7 13. Rg3 Ng2+ 14. Kd2 Nxe3 15. fxe3 $16) 13. Rg3 Ng2+ 14. Kd2 Nxe3 15.
fxe3 $16 {Horn, Pe}) (10... Qe5 11. Rg3) 11. f4 $6 {Now, White will fall
behind in development.} (11. Rg3 $6 h5 $1) (11. Be3 $5 Qxh2 12. Kd2 {might
offer White some compensation in view of his slightly better development and
his strong centre. However, the exposed position of his king would definitely
restrict his possibilities.}) 11... e5 $1 12. f5 {Aiming to install a knight
on e4, but this will hardly be a compensation for the numerous weaknesses on
dark squares and the delay in development.} h5 $1 13. h3 Qd4 14. Rg3 hxg4 15.
hxg4 g6 $1 {Breaking any hope for blockade.} 16. fxg6 Nxg6 17. Be3 Qd8 18. Kd2
Be6 19. Qa4 Nf4 $17 {White has no compensation for his exposed king and for
the weaknesses on dark squares.} 20. Re1 Be7 21. Bxf4 exf4 22. Rg2 Qd4 23. Kc2
O-O-O 24. Rf1 Rh3 25. Rgf2 Rxd3 26. Bxd3 Qxd3+ 27. Kc1 Bc5 28. Qc2 Bxc4 29.
Rxf4 Qe3+ 0-1

[Event "ESP-chT Honor Gp2 49th"]
[Site "Sant Lluis"]
[Date "2005.09.01"]
[Round "2"]
[White "Malakhov, Vladimir"]
[Black "Graf, Alexander"]
[Result "1-0"]
[WhiteElo "2673"]
[BlackElo "2605"]
[Annotator "Marin,M"]
[PlyCount "72"]
[EventDate "2005.08.31"]
[EventType "team"]
[EventRounds "5"]
[EventCountry "ESP"]
[SourceTitle "CBM 109"]
[Source "ChessBase"]
[SourceDate "2005.11.14"]
[SourceVersion "1"]
[SourceVersionDate "2005.11.14"]
[SourceQuality "1"]

1. Nf3 d5 2. g3 c5 3. c4 d4 4. e3 Nc6 5. exd4 cxd4 6. Bg2 e5 7. O-O Bd6 8. d3
Nge7 {Playing such a sharp system against the reversed Benoni is a rather
courageous decision. White's extra-tempo can make a lot of difference compared
to the normal Benoni.} 9. Na3 {Against the Penrose attack, the system based on
the development of the knight to a6-c7 is considered sligthly dubious. Having
an extra-tempo, White can rely on the fact that he will carry out his planned
advance of the b-pawn before Black gets started with his storm in the centre.
However, this is no guarantee of success yet and the knight might find itself
uncomfortable on c2 at a later stage.} ({Personally, I wouldpreffer the system
based on the development of the knight to d2, although this might be just a
subjective opinion.} 9. a3 a5 10. Nbd2 O-O 11. Re1 (11. Rb1 a4 12. Ne4 Bb8 13.
Re1 Kh8 14. Bd2 b6 15. Nh4 $36 {1/2-1/2 Speelman,J (2470)-Miles,A (2560)/
Chester 1979/MCD (43)}) 11... Ng6 12. Qc2 Bg4 13. Rb1 (13. c5 Bc7 14. Rb1 {
[%cal Yd2c4,Yf3d2,Yb2b4]}) 13... Rc8 14. Qa4 Bd7 15. Qb3 b6 16. Ne4 Be7 17. h4
h6 18. Ned2 Qc7 19. Nf1 Bc5 20. Qd1 Rce8 (20... Rfe8 $5 {[%csl Rf8]}) 21. Bd2
Qd6 22. h5 Nge7 23. b4 axb4 24. axb4 Nxb4 25. Nxe5 $14 {1-0 Markowski,T (2475)
-Savchenko,S (2570)/London 1994/EXT 2000 (49)}) 9... O-O 10. Nc2 ({White can
try to prepare b4 while keeping the knight on a3 in oder to inhibit ...a5 in
view of the possible knight jump to b5.} 10. Rb1 a6 $5 11. Bd2 Rb8 {A typical
reaction. Instead of trying to prevent b4 (which is phisically almost
impossible), Black prepares to meet it in the most convenient way.} 12. Ng5 {
[%cal Yg5e4]} Bc7 (12... f5 $6 13. c5 $1 Bxc5 14. Qb3+ Kh8 15. Nf7+ $16) 13. c5
(13. b4 b5) 13... h6 14. Nf3 Be6 15. Rc1 $13 {[%cal Ya3c4]} b5 $6 16. cxb6 Rxb6
17. Nc4 Bxc4 18. Rxc4 Rxb2 19. Qc1 $44 Rb6 20. Qc2 Bd6 21. Rc1 Qb8 22. Qa4 Nd8
23. Ba5 Rb2 24. Nd2 Qb5 25. Ne4 Bb8 26. Qa3 $36 {1-0 Szymczak,Z-Chrapkowski,G/
Bydgoszcz 1976/EXT 2001 (29)}) 10... Ng6 (10... a5 11. b3 {The extra-tempo
compared to the normal Benoni allows White to prepare b4 with all the comfort.}
(11. Rb1 {0-1 Maki,V (2395)-Shulman,Y (2555)/Pula 1997/CBM 057 ext/[Horn,Pe] 
(45)}) (11. a3 h6 12. Rb1 a4 13. b4 axb3 14. Rxb3 Ra7 15. Nb4 Bd7 16. Qe2 Re8
17. Nd2 Ng6 18. Nd5 Nce7 19. Ne4 Bc6 20. Nxd6 Qxd6 21. Nxe7+ Rxe7 {1/2-1/2
Espig,L (2425)-Lukacs,P (2460)/Leipzig 1983/EXT 2001}) 11... Bg4 (11... h6 12.
Re1 Bg4 13. a3 Qd7 14. Rb1 Rab8 15. b4 axb4 16. Nxb4 $14 {1/2-1/2 Wexler,
B-Letelier Martner,R/Mar del Plata 1959/MCL (49)}) 12. h3 Bh5 13. g4 Bg6 14.
Nh4 h6 15. Nxg6 Nxg6 16. a3 Qf6 17. Be4 Rab8 18. Bd2 Nf4 19. Qf3 g6 20. b4 axb4
21. axb4 $16 {1-0 Espig,L (2420)-Enders,P (2330)/Dresden 1985/MCL (46)}) 11.
Re1 h6 12. Rb1 Bf5 {Black decides to ignore White's plan completely and
concentrates his forces in the centre.} 13. Qe2 (13. b4 $5) 13... Qd7 14. b4
Rae8 {This looks like a highly commital move. With a bishop on f5 it is not
likely that Black will play ...f5 very soon, in order to activate the f8-rook.}
({In principle, the other rook should go to e8, but the immediate} 14... Rfe8
15. b5 Nd8 $2 {[%cal Yd8e6,Ye6c5] is impossible because of} 16. Ncxd4) ({
Therefore,} 14... a6 15. Nd2 Rfe8 {deserves consideration.}) 15. Nd2 Bg4 16.
Bf3 Bxf3 $5 {This move, in connection with Black's whole plan, is rather
commital.} (16... h5 $5 {[%cal Yf7f5,Ye5e4] looks like a safer continuation.})
17. Qxf3 e4 $5 {Consequent, but Black will now need high accuracy in order to
solve his problems of coordination, such as the passivity of the f8-rook and
the difficulties in finding a job for the bishop.} (17... f5 18. Qd5+ Rf7 19.
c5 Bc7 20. Qxd7 Rxd7 21. b5 Na5 22. Nb4 $14) 18. Nxe4 Nce5 19. Qe2 Bc7 {
White's position certainly looks dangerous. His development is incomplete
while his stability on light squares looks rather fragile.} 20. Rd1 $5 {
An interesting prophylactical move. White avoids the possible fork on f3,
consolidates the d3-pawn and radically prevents the opening of the centre by
means of ...Nxc4. However, it must be said that this move doesn't contribute
to the annihilation of the delay in development.} (20. f4 Nxc4 21. dxc4 d3 22.
Qd2 dxc2 $1 23. Qxc2 (23. Qxd7 $2 cxb1=Q $19) 23... Qg4 $44 (23... f5 24. Rd1
$1 Qc6 25. Nf2)) 20... Qh3 $6 {Quite natural, but possibly not best.} ({
The sacrificial attack starting with} 20... Nh4 21. gxh4 Qh3 {might be
insufficient after} 22. f4 Nf3+ 23. Kh1 f5 24. Nf6+ $1 gxf6 25. Qg2+ Qg4 26. h3
$1 Qxg2+ 27. Kxg2 Re2+ {(otherwise, the d4-pawn will fall).} 28. Kxf3 Rxc2 29.
Rb2 $16) ({However,} 20... f5 {strongly comes into consideration. In view of
the numerous threats, such as f4, Nh4, Nxc4, we can state that finally all
Black's pieces are actively taking part to the events.} 21. Nc5 Qd6 {[%cal
Yf5f4,Yg6h4,Ye5c4]} (21... Qf7 $5) (21... Qc6 {surrenders a pawn, but wins a
tempo for the development of the attck.} 22. Nxd4 Qd6 23. Ncb3 f4 $132) 22. Qh5
$6 ({Possibly better is the apparently risky} 22. f4 Nxc4 23. Qf3 Ne3 {when,
although Black obviously has some compensation, he will need some time to
bring his f8-rook into play. Now,} 24. Bxe3 dxe3 25. Nxb7 {ensures White some
stability based on the c5-square.}) 22... Nh4 $1 (22... f4 23. gxf4 {[%csl Ge8]
[%cal Yh5e8]}) 23. Ne1 $8 (23. gxh4 Ng4 24. f4 g6 $19) 23... Nhf3+ 24. Nxf3 g6
25. Qxh6 Nxf3+ 26. Kh1 Rf7 $40 {[%csl Gh2][%cal Yf7h7,Yd6c6,Gc6h1]}) 21. f4 Ng4
22. Qg2 Qh5 ({When he moved his queen to h3, Black might have missed that after
} 22... Qxg2+ 23. Kxg2 f5 {White saves the day with} 24. h3 $1 {when after}
fxe4 25. hxg4 exd3 26. Nxd4 {his pawns restrict the activity of the enemy
pieces in a rather efficient way, for instance} Re4 27. Bb2 Rd8 28. Nf5 {
and White is ready for counter-attack.} (28. Rxd3 $6 Rxf4 $1)) 23. h3 Ne3 24.
Nxe3 dxe3 25. Bxe3 {White has won a second pawn and has more or less completed
his development. Black still needs to prove his compensation for the
sacrificed material.} f5 26. g4 $1 fxg4 27. hxg4 Qh4 28. Bf2 Qd8 29. f5 Nf4 30.
Qf3 h5 31. Kh1 Qd7 32. Bg3 hxg4 33. Qxg4 Rxf5 $4 (33... Qxf5 34. Qxf5 Rxf5 35.
Rb2 $14 {[%cal Yb2f2,Yb2h2]}) 34. Nf6+ $18 Rxf6 35. Qxd7 Rh6+ 36. Kg1 Re2 1-0

[Event "RUS-chT 12th"]
[Site "Sochi"]
[Date "2005.04.21"]
[Round "3"]
[White "Zvjaginsev, Vadim"]
[Black "Bareev, Evgeny"]
[Result "1-0"]
[WhiteElo "2649"]
[BlackElo "2709"]
[Annotator "Marin,M"]
[PlyCount "55"]
[EventDate "2005.04.19"]
[EventType "team-tourn"]
[EventRounds "11"]
[EventCountry "RUS"]
[SourceTitle "EXT 2020"]
[Source "ChessBase"]
[SourceDate "2019.10.17"]
[SourceVersion "1"]
[SourceVersionDate "2019.10.17"]
[SourceQuality "1"]
[WhiteTeam "Moscow Youth of"]
[BlackTeam "Samara Termosteps"]
[WhiteTeamCountry "RUS"]
[BlackTeamCountry "RUS"]

1. Nf3 d5 2. c4 d4 3. g3 c5 4. e3 Nc6 5. exd4 cxd4 6. Bg2 e5 7. O-O Nf6 8. d3 {
One certainly needs lots of courage to play such an unbalanced opening like
the Benoni with a whole tempo down. Generally speaking this should be possible,
but the difficult thing is to choose a variation where time has less
significance and Black can hope to impose his advantage of space in the long
run.} Bd6 $6 {Developing the bishop on d3 while allowing the pin of the king's
knight is considered to be at least harmless in the normal Benoni. With
reversed colours and the missing tempo, the move certainly looks risky.} ({
The soundest move seems to be} 8... Be7 {Curiously,} 9. b4 $6 {occured in a
game at a relatively high level} (9. Re1 $1) 9... Bxb4 10. Nxe5 Nxe5 11. Qa4+ {
and now} Nfd7 $1 ({instead of} 11... Nc6 $2 12. Bxc6+ bxc6 13. Qxb4 Qb6 14. Ba3
Qxb4 15. Bxb4 $14 {1-0 Norwood,D (2405)-Ivanchuk,V (2480)/Baguio City 1987/EXT
97 (48)}) 12. Qxb4 Nxd3 {would lead to a theoretical position with reversed
colours, where the absence of the move ...h6 can hardly change the evaluation:
White has to fight for a draw.}) 9. Bg5 {This seems to be the best moment for
developing the bishop here.} ({Previously} 9. a3 {has been played, which
justifies itself entirely after the mechanical} a5 $6 (9... h6 $5 10. b4 O-O {
would lead to a position where the difference of one tempo might not be too
relevant.}) 10. Bg5 h6 11. Bxf6 Qxf6 12. Nbd2 O-O (12... Qe7 13. Re1 O-O 14.
Qc2 Be6 15. Rac1 Bc7 16. c5 $14 {1/2-1/2 Andersson,U (2565)-Mecking,H (2610)/
Las Palmas 1975/MCD}) 13. Re1 Bg4 (13... Qd8 14. c5 Bc7 15. Nc4 Re8 16. b4 $6 (
16. Rb1) (16. Nfd2 {[%cal Rd2e4,Re4d6]} f5 17. b4 axb4 18. Qb3 $36) 16... axb4
17. axb4 Rxa1 18. Qxa1 Nxb4 19. Qb1 Nc6 $15 {0-1 Adamski,J (2375)-Chuchelov,V 
(2490)/Wuerzburg 1992/EXT 97 (42)}) 14. Qc2 Bc5 15. Ne4 Qe7 16. Nfd2 f5 17.
Nxc5 Qxc5 18. Qb3 Qe7 19. Qb5 e4 20. f3 $1 $16 {1-0 Vladimirov,E-Sjoberg,M/
Graz 1981/EXT 99 (29)}) 9... h6 10. Bxf6 Qxf6 11. Nbd2 Qe7 12. a3 Bf5 $5 13.
Qe2 O-O {Black decides to refrain from weakening his queen side with ...a5.
However, once White has managed to get rid of one of his minor pieces, his
spatial advantage on the queen side will soon tell.} 14. b4 Rfe8 15. Nh4 Be6
16. Ne4 {White has strong pressure on both wings. Black's careless answer will
soon lead him to trouble.} g5 $2 {Bareev might have overlooked one of the next
two moves.} 17. Qh5 $1 $40 {A typical move. In the systems based on ...h6 (h3)
the h5 (h4) square is a perfect placement for the queen.} Kg7 (17... gxh4 18.
Qxh6 $40 {/\Nf6+}) 18. f4 $3 exf4 (18... gxh4 $6 19. f5 $16) 19. gxf4 Bxf4 20.
Rxf4 $1 gxf4 21. b5 Nd8 22. Rf1 $16 {White attacks with his whole army.
Black's desorganized forces can hardly put up any resistance.} Qc7 23. c5 Rg8
24. Nd6 Kf8 25. Kh1 Ke7 26. Qe5 Rg5 27. Nhf5+ Kd7 28. Bxb7 1-0

[Event "Ciocaltea Memorial"]
[Site "Bucharest"]
[Date "1999.03.11"]
[Round "8"]
[White "Marin, Mihail"]
[Black "Conquest, Stuart"]
[Result "1-0"]
[WhiteElo "2527"]
[BlackElo "2488"]
[Annotator "Marin,M"]
[PlyCount "81"]
[EventDate "1999.03.04"]
[EventType "tourn"]
[EventRounds "13"]
[EventCountry "ROU"]
[EventCategory "10"]
[SourceTitle "CBM 070"]
[Source "ChessBase"]
[SourceDate "1999.06.08"]
[SourceVersion "1"]
[SourceVersionDate "1999.06.08"]
[SourceQuality "1"]

1. Nf3 d5 2. c4 d4 3. g3 g6 4. b4 Bg7 5. d3 e5 6. Bg2 Ne7 7. O-O O-O 8. a4 $5 (
8. Nbd2 a5 9. b5 c5) 8... h6 9. Ba3 c5 10. Nbd2 f5 11. Rb1 Kh7 (11... cxb4 12.
Rxb4 Nbc6 13. Rb5 a6 14. Rb1 {><b6}) 12. Qc2 Qc7 (12... Nd7 $5 {/\Nf6} 13. Nb3
cxb4 14. Bxb4) 13. Rfe1 {/\e3} Rd8 (13... cxb4 14. Rxb4 Nbc6 15. Rb5 a6 16. Rd5
Be6 17. Rd6 Bf7 18. e3 $36) 14. b5 (14. e3 cxb4 15. Rxb4 Nd5) 14... Nd7 (14...
g5 $5 15. Nb3 Nd7 16. e3 dxe3 17. fxe3 Ng6) 15. e3 dxe3 16. Rxe3 {><e5} f4 (
16... g5 17. d4 e4 (17... cxd4 18. Bxe7 dxe3 19. Nxg5+ $18) 18. Nxe4 fxe4 19.
Rxe4 Ng6 20. Re7 $18) 17. Re2 Nf5 18. Rbe1 Rb8 19. Bb2 Nd4 20. Bxd4 exd4 (20...
cxd4 21. gxf4 exf4 22. Re7 $16) 21. Re7 $18 Qa5 $138 22. Ne4 Rf8 (22... Nf8 23.
Nf6+ Kh8 24. Ne8 $18) 23. Qd1 $6 (23. Qe2 $142 Nf6 $140 (23... Qb6 24. Neg5+
$18) 24. Nxf6+ Rxf6 25. Qe5) 23... Nf6 $5 (23... Qb6 $5 {/\Nf6} 24. Neg5+ hxg5
25. Nxg5+ Kh6 (25... Kh8 26. Qg4 Nf6 27. Qh4+ Nh5 28. Rxg7 $18 {-25...Kh6}) 26.
Qg4 Nf6 27. Qh4+ Nh5 28. Rxg7 Kxg7 29. Re7+ $18) 24. Nxc5 $16 Qb4 25. Ne6 Bxe6
26. R1xe6 fxg3 27. hxg3 Rbe8 28. Rxe8 Rxe8 29. Rxe8 (29. Nxd4 Rd8 $5 30. Ne2
Qxc4 $132 {Conquest}) 29... Nxe8 30. Qe2 $138 {><g6, b7} (30. Nh4 Bf6 $5) 30...
Nc7 31. Qe4 Qxa4 32. Nh4 Qd1+ 33. Kh2 Qh5 34. Bf3 (34. f4 $142 $1 $18 {/\Bf3})
(34. Qe7 $5 Qe5 35. Nxg6 $1 Kxg6 (35... Qxe7 $142 36. Nxe7 b6 37. Be4+ Kh8 38.
Nc8 $18) 36. Be4+ Kh5 37. Qh4#) 34... Qg5 35. Qxb7 $18 Ne6 36. Be4 Nc5 37. Qc6
Nxe4 38. Qxe4 h5 39. Kg2 Qf6 40. Qc6 (40. c5 $18) 40... Qf7 41. c5 (41. c5 Bf6
42. b6 $5 (42. Nf3 h4 43. gxh4 $18) 42... axb6 43. cxb6 Bxh4 44. Qc7 $1 $18 (
44. b7 $6 Bxg3 $5 45. Kxg3 (45. fxg3 Qa2+) 45... h4+ 46. Kg2 Qf4 (46... h3+ 47.
Kg3) 47. Qc8 Qg5+ 48. Kh3 $18)) 1-0